Top 50 Avengers - Statistics

General Stats
  • This quiz has been taken 179 times
  • The average score is 23 of 50
Answer Stats
# Answer % Correct
1 Iron Man
99%
2 Captain America
96%
4 Hulk
96%
3 Thor
93%
7 Black Widow
92%
17 Spider-Man
91%
8 Hawkeye
87%
5 Ant-Man
83%
10 Black Panther
83%
12 Doctor Strange
78%
13 Vision
76%
9 Captain Marvel
75%
19 Falcon
72%
14 Scarlet Witch
72%
23 Captain Mar-Vell
67%
6 Wasp
67%
18 War Machine
65%
20 Winter Soldier
62%
16 Wolverine
62%
15 Quicksilver
59%
21 She-Hulk
57%
38 Beast
42%
41 Luke Cage
40%
11 Ms. Marvel
40%
22 Spider-Woman
36%
24 Namor the Sub-Mariner
30%
29 Hercules
28%
33 Red Hulk
28%
25 Wonder Man
28%
26 Black Knight
25%
42 Nova
25%
28 Tigra
24%
45 Sentry
23%
35 Mantis
22%
32 Mockingbird
21%
40 Moondragon
20%
44 Swordsman
20%
30 Captain Britain
19%
31 Sersi
19%
36 Jocasta
17%
39 Quasar
17%
34 Yellow Jacket
17%
27 Spectrum
14%
48 Stingray
14%
46 Jack of Hearts
12%
37 Starfox
12%
50 Machine Man
9%
47 Living Lightning
8%
43 Lionheart
4%
49 Silverclaw
4%
No matching quizzes found
Score Distribution
Percent of People with Each Score
Percentile by Number Answered
Your Score History
You have not taken this quiz